| 000 -LEADER |
| fixed length control field |
00862nam a22001697a 4500 |
| 005 - DATE AND TIME OF LATEST TRANSACTION |
| control field |
20240723124503.0 |
| 008 - FIXED-LENGTH DATA ELEMENTS--GENERAL INFORMATION |
| fixed length control field |
240723s2006 ge ||||| |||| 00| 0 ger d |
| 020 ## - INTERNATIONAL STANDARD BOOK NUMBER |
| International Standard Book Number |
9783476018649 X |
| 080 ## - UNIVERSAL DECIMAL CLASSIFICATION NUMBER |
| Universal Decimal Classification number |
821.112.2 A-93 |
| 100 ## - MAIN ENTRY--PERSONAL NAME |
| Personal name |
Aust, Hugo |
| Dates associated with a name |
Author |
| 9 (RLIN) |
22907 |
| 245 ## - TITLE STATEMENT |
| Title |
Realismus : |
| Remainder of title |
Lehrbuch Germanistik / |
| Statement of responsibility, etc. |
Hugo Aust |
| 264 ## - PRODUCTION, PUBLICATION, DISTRIBUTION, MANUFACTURE, AND COPYRIGHT NOTICE |
| Place of production, publication, distribution, manufacture |
Stuttgart: |
| Name of producer, publisher, distributor, manufacturer |
Verlag, Metzler, |
| Date of production, publication, distribution, manufacture, or copyright notice |
2006. |
| 300 ## - PHYSICAL DESCRIPTION |
| Extent |
xi, 356 pages ; |
| Other physical details |
23 cm. |
| 653 ## - INDEX TERM--UNCONTROLLED |
| keyword |
1800-1899 Criticism, interpretation, etc Deutsch German literature German literature 19th century History and criticism Geschichte 1850-1900 Literatur Literatura alemanya S. XIX Història i crítica Littérature allemande 19e siècle Histoire et critique Realism in literature Realisme en la literatura Realismus Réalisme dans la littérature |
| 653 ## - INDEX TERM--UNCONTROLLED |
| keyword |
გერმანული ლიტერატურა |
| 942 ## - ADDED ENTRY ELEMENTS (KOHA) |
| Source of classification or shelving scheme |
|
| Koha item type |
წიგნი |